Growing up global (Record no. 244734)
[ view plain ]
| 000 -LEADER | |
|---|---|
| fixed length control field | 02072nam a22004094a 4500 |
| 082 04 - DEWEY DECIMAL CLASSIFICATION NUMBER | |
| Classification number | 305.23/09624/091734 |
| 100 1# - MAIN ENTRY--AUTHOR NAME | |
| Personal name | Katz, Cindi, |
| 245 10 - TITLE STATEMENT | |
| Title | Growing up global |
| 260 ## - PUBLICATION, DISTRIBUTION, ETC. (IMPRINT) | |
| Place of publication | Minneapolis : |
| Name of publisher | University of Minnesota Press, |
| Year of publication | c2004. |
| 300 ## - PHYSICAL DESCRIPTION | |
| Number of Pages | xv, 313 p. : |
| Other physical details | ill., maps. |
| 505 0# - FORMATTED CONTENTS NOTE | |
| Formatted contents note | Fluid dynamics -- A child's day in Howa -- The political economy and ecology of Howa village -- Social reproduction -- Children's work and play -- Knowing subjects/abstracting knowledge -- Disrupted landscapes of production and reproduction -- Displacements -- New York parallax; or, you can't drive a Chevy through a post-fordist landscape -- Howa at the end of the millennium -- Topographies of global capitalism -- The strange familiar -- Negotiating the recent future. |
| 650 #0 - SUBJECT ADDED ENTRY--TOPICAL TERM | |
| Topical Term | Rural children |
| Topical Term | Globalization |
| Topical Term | Human reproduction |
| Topical Term | Economic development |
| Topical Term | Economic development |
| 856 40 - ELECTRONIC LOCATION AND ACCESS | |
| Uniform Resource Identifier | http://site.ebrary.com/lib/rucke/Doc?id=10159508 |
No items available.
